| 000 | 00624nam a22002057a 4500 | ||
|---|---|---|---|
| 003 | DO-SdBNP | ||
| 005 | 20210915144108.0 | ||
| 007 | ta | ||
| 008 | 210915b 2018 dr 00| 0 eng d | ||
| 020 | _a9789945912241 | ||
| 040 |
_aDO-SdBNP _bspa _cBNPHU |
||
| 082 | 4 |
_2BNPHU _bB446b |
|
| 100 | 1 |
_aBello Valenzuela, Silverio Manuel _91782 |
|
| 245 | 1 | 3 |
_aLa biblia es la palabra de Dios : _bun enfoque apologético / _cSilverio Manuel Bello Valenzuela |
| 300 |
_a77 p. ; _c21 cm. |
||
| 500 | _aIncluye datos biográficos del autor en la contracubierta | ||
| 590 | _aInventariado, 2021/BT | ||
| 910 | _aBtavárez | ||
| 942 |
_2ddc _cLBS1 |
||
| 999 |
_c50523 _d50523 |
||